000 00406nam a2200157Ia 4500
008 230312s9999||||xx |||||||||||||| ||und||
020 _a81-7800-024-5
082 _a621
_bPAD-P
100 _aPadiyar,K.R
245 0 _aPower System Dynamics
260 _bBS Publications
_aIndia
_c2006
300 _a571
546 _aEng.
650 _aEngineering
_vBasic Concepts,Review of Classical Methods
942 _cBK
999 _c1906
_d1906